| 000 | 00410nam a2200133Ia 4500 | ||
|---|---|---|---|
| 003 | sisc | ||
| 005 | 20180206114559.0 | ||
| 008 | 180205s9999 xx 000 0 und d | ||
| 100 | _aPitagan, Ferdinand B. | ||
| 245 |
_aTeaching guide for senior high school media and information literacy : _bcore subject |
||
| 260 |
_aQuezon City _bCommision on higher education _c2016 |
||
| 300 | _a191 pages | ||
| 942 |
_2lcc _cBK |
||
| 999 |
_c354937 _d354937 |
||